El diario íntimo de Maliki 4 ojos.

-д хадгалсан:
Номзүйн дэлгэрэнгүй
Үндсэн зохиолч: Trujillo, Marcela (autora)
Формат: Ном
Хэвлэсэн: Santiago, Chile: RIL Editores, 2011.
Хэвлэл:Primera edición.
Нөхцлүүд:
Шошгууд: Шошго нэмэх
Шошго байхгүй, Энэхүү баримтыг шошголох эхний хүн болох!

MARC

LEADER 00000nam a22000007a 4500
003 CL-VaPUC
005 20250321101917.0
008 250113t2011 ||||| |||| 00| 0 eng d
999 |c 446463  |d 446461 
020 |a 978-956-284-836-7 
040 |c Pontificia Universidad Católica de Valparaíso 
082 |a 741.5 TRU 2011 
100 |9 895286  |a Trujillo, Marcela  |e autora 
245 |a El diario íntimo de Maliki 4 ojos. 
250 |a Primera edición. 
260 |a Santiago, Chile:  |b RIL Editores,  |c 2011. 
300 |a 180 páginas;  |b ilustraciones. 
500 |a c.1-c.3 Instituto Arcos.08-01-2025. 
583 |c 20250113  |k Gabriela Rodríguez Cuevas 
650 0 |a Historietas, tiras cómicas, etc.  |z Chile  |9 308802 
650 0 |a Cómics  |z Chile  |9 369534 
650 0 |9 318483  |a Humorismo chileno  |x Dibujos y caricaturas 
942 |2 ddc  |c BK  |n 0 
952 |0 0  |1 0  |2 ddc  |4 0  |6 741_500000000000000_TRU_2011  |7 0  |9 599182  |a BIBINC  |b BIBINC  |c GEN  |d 2025-01-13  |e Instituto Arcos  |i 5664094  |o 741.5 TRU 2011  |p 5664094  |r 2025-01-13  |t 3  |w 2025-01-13  |y BK  |k IFP 
952 |0 0  |1 0  |2 ddc  |4 0  |6 741_500000000000000_TRU_2011  |7 0  |9 599253  |a BIBINC  |b BIBINC  |c GEN  |d 2025-01-14  |e Instituto Arcos  |i 5664070  |o 741.5 TRU 2011  |p 5664070  |r 2025-01-14  |t 1  |w 2025-01-14  |y BK  |k IFP 
952 |0 0  |1 0  |2 ddc  |4 0  |6 741_500000000000000_TRU_2011  |7 0  |9 599254  |a BIBINC  |b BIBINC  |c GEN  |d 2025-01-14  |e Instituto Arcos  |i 5664071  |o 741.5 TRU 2011  |p 5664071  |r 2025-01-14  |t 2  |w 2025-01-14  |y BK  |k IFP